Southville International School and Colleges
Your cart is empty.
  • Cart
  • Lists
    Public lists Eva Luna New books Lux_list list_1
    Your lists Log in to create your own lists
  • Log in to your account
  • Your cookies
  • Search history
Southville International School and Colleges
  • Advanced search
  • Recent comments
  • Most popular
  • Libraries

Log in to your account

Log in with GOOGLE


If you do not have an external account, but do have a local account, you can still log in:

  1. Home
  2. MARC view: A gathering of days :
Normal view MARC view ISBD view

A gathering of days : (Record no. 33890)

[ view plain ]
MARC details
000 -LEADER
fixed length control field 01053cam a2200301 a 4500
001 - CONTROL NUMBER
control field 2420483
003 - CONTROL NUMBER IDENTIFIER
control field OSt
005 - DATE AND TIME OF LATEST TRANSACTION
control field 20140310184347.0
008 - FIXED-LENGTH DATA ELEMENTS--GENERAL INFORMATION
fixed length control field 870226t19871979nyu j 000 1 eng
010 ## - LIBRARY OF CONGRESS CONTROL NUMBER
LC control number 87001111
020 ## - INTERNATIONAL STANDARD BOOK NUMBER
International Standard Book Number 0689707509 (pbk.) :
Terms of availability $3.95
020 ## - INTERNATIONAL STANDARD BOOK NUMBER
Cancelled/invalid ISBN 0689701178
040 ## - CATALOGING SOURCE
Original cataloging agency DLC
Transcribing agency DLC
Modifying agency DLC
042 ## - AUTHENTICATION CODE
Authentication code lcac
050 10 - LIBRARY OF CONGRESS CALL NUMBER
Classification number PZ 7
Item number .B6237Gat 2005
100 1# - MAIN ENTRY--PERSONAL NAME
Personal name Blos, Joan W.
9 (RLIN) 20576
245 12 - TITLE STATEMENT
Title A gathering of days :
Remainder of title a New England girl's journal, 1830-32 : a novel /
Statement of responsibility, etc by Joan W. Blos.
260 ## - PUBLICATION, DISTRIBUTION, ETC. (IMPRINT)
Place of publication, distribution, etc New York :
Name of publisher, distributor, etc Aladdin Books,
Date of publication, distribution, etc [1987], c1979.
300 ## - PHYSICAL DESCRIPTION
Extent 144 p. ;
Dimensions 21 cm.
520 ## - SUMMARY, ETC.
Summary, etc The journal of a fourteen-year-old girl, kept the last year she lived on the family farm, records daily events in her small New Hampshire town, her father's remarriage, and the death of her best friend.
521 ## - TARGET AUDIENCE NOTE
Target audience note
526 ## - STUDY PROGRAM INFORMATION NOTE
Reading level 960
650 #1 - SUBJECT ADDED ENTRY--TOPICAL TERM
Topical term or geographic name as entry element Diaries
General subdivision Fiction.
9 (RLIN) 20577
651 #1 - SUBJECT ADDED ENTRY--GEOGRAPHIC NAME
Geographic name New Hampshire
General subdivision Fiction.
9 (RLIN) 20578
906 ## - LOCAL DATA ELEMENT F, LDF (RLIN)
a 7
b cbc
c orignew
d 1
e ocip
f 19
g y-gencatlg
942 ## - ADDED ENTRY ELEMENTS (KOHA)
Source of classification or shelving scheme Library of Congress Classification
Koha item type
Holdings
Withdrawn status Lost status Source of classification or shelving scheme Damaged status Home library Current library Shelving location Date acquired Total Checkouts Full call number Barcode Date last seen Copy number Price effective from Koha item type
    Library of Congress Classification   Luxembourg Library Luxembourg Library Scholastic Reading Center Section 10/07/2013   PZ 7 .B6237Gat 2005 LEX1033 04/18/2017 1 10/07/2013 Books
    Library of Congress Classification   Luxembourg Library Luxembourg Library Scholastic Reading Center Section 10/07/2013   PZ 7 .B6237Gat 2005 LEX0588 04/18/2017 2 10/07/2013 Books
    Library of Congress Classification   Luxembourg Library Luxembourg Library Scholastic Reading Center Section 11/11/2013   PZ 7 .B6237Gat 2005 LEX2094 04/18/2017 3 11/11/2013 Books
    Library of Congress Classification   Luxembourg Library Luxembourg Library Scholastic Reading Center Section 11/11/2013   PZ 7 .B6237Gat 2005 SCHO0125 04/18/2017 4 11/11/2013 Books

A gathering of days :

APA

Blos J. W., . (19871979). A gathering of days. New York: Aladdin Books.

Chicago

Blos Joan W, . 19871979. A gathering of days. New York: Aladdin Books.

Harvard

Blos J. W., . (19871979). A gathering of days. New York: Aladdin Books.

MLA

Blos Joan W, . A gathering of days. New York: Aladdin Books. 19871979.

  • Place hold
  • Print
  • Cite
  • Add to your cart (remove)
  • Save record
    BIBTEX Dublin Core MARCXML MARC (non-Unicode/MARC-8) MARC (Unicode/UTF-8) MARC (Unicode/UTF-8, Standard) MODS (XML) RIS
  • More searches
    Search for this title in:
    Other Libraries (WorldCat) Other Databases (Google Scholar) Online Stores (Bookfinder.com) Open Library (openlibrary.org)

Exporting to Dublin Core...

SOUTHVILLE LIBRARY

Southville International School and Colleges Library

1281 Tropical Ave. Cor. Luxembourg St., BF Homes International, Las Pinas City

Tel. No. 8256374 / 252358 Loc. 117/146

Powered by Koha